Normal view
MARC view
- SENGE,M.PETER
Entry Personal Name
001 - CONTROL NUMBER
- control field: 132307
003 - CONTROL NUMBER IDENTIFIER
- control field: NUST
005 - DATE AND TIME OF LATEST TRANSACTION
- control field: 20251216121330.0
008 - FIXED-LENGTH DATA ELEMENTS
- fixed length control field: 251216|| aca||aabn | a|a d
040 ## - CATALOGING SOURCE
- Original cataloging agency: NUST
- Transcribing agency: NUST
100 ## - HEADING--PERSONAL NAME
- Personal name: SENGE,M.PETER
670 ## - SOURCE DATA FOUND
- Source citation: Work cat.: (NUST): SENGE,M.PETER., THE FIFTH DISCIPLINE FIELD BOOK /, 1994.
